Zdaňovanie príjmov medzi ČR a SR

Bibliographic Details
Main Author: Ninčáková, Božena (Author)
Format: Article
Language:Slovak
ISSN:1335-0897
Subjects:

MARC

LEADER 00000nab a2200000 a 4500
001 vtls000718834
003 SK-MaSNL
005 20260302194919.0
008 160324c2000 xo 0 slo
015 |a SNBRB2000/04-11932 
035 |a CLN000071001 
040 |a SNKBUCL  |b slo  |c SNKBUCL  |e AACR2 
041 0 |a slo 
044 |a xo  |c SK 
080 |a 336.215.032:341.241(437.6:437.1/.2)  |2 1997 
080 |a 341.241(437.6:437.1/.2)  |2 1997 
100 1 |a Ninčáková, Božena  |4 aut  |9 193866 
245 1 0 |a Zdaňovanie príjmov medzi ČR a SR  |c Božena Ninčáková 
650 0 7 |a dane z príjmov  |x zdanenie dvojaké  |x zamedzenie  |z Slovensko  |z Česko  |x zmluvy  |2 snkbucl  |9 870994 
650 0 7 |a zamestnávanie občanov vzájomné  |z Slovensko  |z Česko  |2 snkbucl  |9 848708 
655 7 |a články z novín a časopisov  |2 snkbucl  |9 267496 
773 0 |x 1335-0897  |t Daňový a účtovný poradca podnikateľa  |g Č. 1 (2000), s. 62-71 
850 |a Slovenská národná knižnica v Martine 
852 |a SNK  |b KIS3GCP 
958 |a SK 
958 |a CZ 
958 |a RBX 
999 |c 1450521  |d 1452451